000 00327 a2200109 4500
001 ART_6248
005 20260410161619.0
008 260409a
245 1 0 _aEl profesional en ciencias económicas y la ética (2ª parte)
100 1 _aMelzi, Flavia Irene
773 0 _tEnfoques
_g- Nº 9 (sep. 2008)
_wREV416
999 _c11360
_d11360